[Event "Nicolo La Rosa op 13th"]
[Site "Mazara del Vallo"]
[Date "2005.08.21"]
[Round "5"]
[White "Pipitone, Claudio"]
[Black "Cangemi, Felice"]
[Result "1-0"]
[WhiteElo "1637"]
[BlackElo "1496"]
[PlyCount "65"]
[EventDate "2005.08.19"]
[EventType "swiss"]
[EventRounds "6"]
[EventCountry "ITA"]
[SourceTitle "EXT 2024"]
[Source "ChessBase"]
[SourceDate "2023.10.10"]
[SourceVersion "1"]
[SourceVersionDate "2023.10.10"]
[SourceQuality "1"]

1. d4 d5 2. c4 Nf6 3. Nc3 e6 4. Bg5 Be7 5. e3 Nc6 6. Nf3 h6 7. Bh4 0-0 8. Bd3 Ng4 9. Bxe7 Qxe7 10. h3 Nf6 11. cxd5 exd5 12. 0-0 Nb4 13. Bb1 c5 14. dxc5 Qxc5 15. Nd4 Nc6 16. Nce2 Nxd4 17. Nxd4 Bd7 18. Bc2 Ne4 19. Rc1 Qb6 20. Qh5 Nf6 21. Qf3 Qxb2 22. Bb3 Be6 23. Rc2 Qa3 24. Rfc1 Qd6 25. Nb5 Qe5 26. Rc7 a6 27. Nd4 b5 28. R7c5 Nd7 29. Bxd5 Bxd5 30. Rxd5 Qe7 31. Rc7 Ne5 32. Rxe7 Nxf3+ 33. Nxf3 1-0